Teaching dyslexic children
Elmentve itt :
| Szerző: | |
|---|---|
| További közreműködők: | |
| Dokumentumtípus: | Szakdolgozat |
| Megjelent: |
1998
|
| Tárgyszavak: | |
| Online Access: | http://diploma.bibl.u-szeged.hu/77192 |
| LEADER | 00515nta a2200157 i 4500 | ||
|---|---|---|---|
| 001 | dipl77192 | ||
| 005 | 20200623125451.0 | ||
| 008 | 190611s1998 hu om 0|| eng d | ||
| 040 | |a SZTE Diploma Repozitórium |b hun | ||
| 041 | |a eng | ||
| 100 | 1 | |a Bárdos Éva | |
| 245 | 1 | 0 | |a Teaching dyslexic children |h [elektronikus dokumentum] / |c Éva Bárdos |
| 260 | |c 1998 | ||
| 650 | 4 | |a Pedagógusképzés | |
| 700 | 1 | |a Luttrell Warwick |e ths | |
| 856 | 4 | 0 | |u http://diploma.bibl.u-szeged.hu/id/eprint/77192/1/1998_bardos_eva.pdf |z Dokumentum-elérés |